[Event "Olympiad-32"]
[Site "Yerevan"]
[Date "1996.09.21"]
[Round "6.1"]
[White "Ye, Jiangchuan"]
[Black "Shirov, Alexei"]
[Result "0-1"]
[WhiteElo "2540"]
[BlackElo "2685"]
[Annotator "Shirov,A"]
[PlyCount "54"]
[EventDate "1996.09.15"]
[EventType "team-swiss"]
[EventRounds "14"]
[EventCountry "ARM"]
[SourceTitle "CBM 055"]
[Source "ChessBase"]
[SourceDate "1996.12.01"]
[SourceVersion "1"]
[SourceVersionDate "1996.12.01"]
[SourceQuality "1"]
[WhiteTeam "China"]
[BlackTeam "Spain"]
[WhiteTeamCountry "CHN"]
[BlackTeamCountry "ESP"]

1. e4 c5 2. Nf3 d6 3. d4 Nf6 4. Nc3 cxd4 5. Nxd4 a6 {Having played a lot of
Najdorf as White against Gelfand I decided that it had been time to employ it
with the other side.} 6. Be3 e5 7. Nf3 {Before this game the Chinese player
had normally practiced} (7. Nb3 {. As it often happens, having faced something
unexpected I immediately confused the move order.}) 7... Be7 8. Bc4 Be6 $6 {
I forgot to have included} (8... O-O 9. O-O {before playing this move.}) 9.
Bxe6 fxe6 10. Ng5 $1 Qd7 11. Qf3 {[#] Here I realised that I had mixed up
something. White's threats seemed very dangerous to me and after a due
consideration I decided to take radical measures.} h6 $6 {Theoretical is} (
11... d5 {although the position after} 12. exd5 exd5 13. O-O-O {, I didn't
like at all. But the text appears to be just the bluff.}) 12. Qh3 Nc6 $5 (12...
Rg8 {would fail to} 13. Nxe6 Kf7 14. Nd5 $1 {, so Black had already no choice.}
) 13. O-O-O $2 {Timid and wrong. The natural way would, of course be} (13. Na4
{. My intention was to answer it with} Bd8 {instead, although his position
after} (13... Nb4 14. Nb6 Nxc2+ 15. Kd2 Qc6 {, but I didn't notice that after}
16. Rac1 hxg5 17. Qxh8+ Kf7 18. Nxa8 Nxe4+ 19. Kd1 Nxe3+ 20. fxe3 Qd5+ (20...
Qa4+ 21. b3 Nf2+ 22. Ke1 Qa5+ 23. Kf1 Qd2 24. Qh5+ Kf6 25. Re1 Nxh1 26. Qe2 {
is also hopeless}) 21. Kc2 {White king escapes easily and Black is lost. Thus
he should probably choose}) 14. O-O-O {is still quite unnatractive.}) 13... Rc8
$1 {With this precise move Black already takes over the initiative!} 14. Kb1 {
It was difficult to find anything better as the e6 pawn is taboo while} (14.
Na4 {would be now well replied by} Nb4 15. Nb6 Rxc2+ 16. Kb1 Qc6 $1 {and White
is busted}) 14... Nd8 $1 {The most solid and logical continuation. White's
reply is now forced.} 15. Rd3 (15. Nf3 Rxc3 16. bxc3 Nxe4 {looks very
dangerous.}) 15... O-O 16. Nf3 Nf7 17. Nh4 $6 {There is already little room
for activity.} (17. g4 {would possibly have been a better try but generally
speaking I believe that it was already time for a quiet game like}) (17. Nd2 b5
18. f3 {with an approximate equality.}) 17... Rc4 $1 {Straight forward is the
best way to refute White's strategy.} 18. Ng6 Rfc8 19. f4 $2 {More agression
and more trouble for White. Surprisingly my opponent offered me a draw here,
which I, of course, rejected.} (19. Nxe7+ Qxe7 20. f3 {would possibly have
been his best but after} b5 21. Rc1 Qe8 $1 {Black is still much better. The
same is true after}) (19. f3 Bd8 $1) 19... exf4 20. Bxf4 Nxe4 21. Nd5 {The
same style!} Bd8 22. Re1 Nfg5 $1 {Of course, not} (22... Nf2 $2 23. Qxe6 Qxe6
24. Rxe6 Nxd3 25. Re8+ Kh7 26. Nf8+ {with draw by perpetual check.}) 23. Bxg5
Nxg5 24. Qh5 exd5 {[#] The game is over?} 25. Rf3 $1 {Another shocker. Only
after some ten minutes of reflection I found the best reply.} Ba5 {It took me
some time to notice that} (25... Nxf3 {'fails' to} 26. Qxd5+ Kh7 {(only move)}
27. Nf8+ Kh8 28. Ng6+ {(not} (28. Nxd7 $2 Nxe1) 28... Kh7 29. Nf8+ {with draw.
It was possible to try}) (25... Bf6 26. Rxf6 Rxc2 $1 {(of course, not} (26...
gxf6 $2 27. Ne7+ Kh8 28. Qxh6+ Nh7 29. Ng6+ Kg8 30. Re7 $18 {) with the idea})
27. Ne7+ $2 Qxe7 $19 {, but the text is still better.}) 26. Ne7+ Kh7 (26... Kh8
27. Ng6+ Kh7 {was winning as well}) 27. Rf6 $1 {The last try to cause the
opponent a heart attack.} (27. Qg6+ Kh8 {would lose at once.}) 27... Qe8 {
The only but sufficient way to parry White's ultime threats. Thus he resigned.}
0-1

[Event "Novgorod 3rd"]
[Site "Novgorod"]
[Date "1996.07.27"]
[Round "7"]
[White "Short, Nigel D"]
[Black "Gelfand, Boris"]
[Result "1-0"]
[WhiteElo "2695"]
[BlackElo "2665"]
[Annotator "Short,N"]
[PlyCount "121"]
[EventDate "1996.07.20"]
[EventType "tourn"]
[EventRounds "10"]
[EventCountry "RUS"]
[EventCategory "19"]
[SourceTitle "CBM 054"]
[Source "ChessBase"]
[SourceDate "1996.10.01"]
[SourceVersion "1"]
[SourceVersionDate "1996.10.01"]
[SourceQuality "1"]

1. e4 {Huzman} c5 2. Nf3 d6 3. d4 cxd4 4. Nxd4 Nf6 5. Nc3 a6 6. Be3 e5 7. Nf3
Qc7 8. Be2 Be7 (8... b5 9. a4 b4 10. Nd5 Nxd5 11. Qxd5 Bb7 12. Qc4 (12. Qb3 $5
{/\} Bxe4 13. Ng5 Bxg2 (13... Bxc2 14. Qd5 $18) (13... Bg6 $142 14. h4 h6 15.
Bf3 Nc6 16. Ne6 Qd7 17. Rd1 $36) 14. Rg1 h6 (14... Bc6 15. Bc4 $16) 15. Ne6 $16
) 12... Qxc4 13. Bxc4 {/\} Bxe4 14. Ng5 $1 (14. Bxf7+) 14... d5 15. Bb3 $16) 9.
a4 O-O 10. O-O b6 11. Qd3 $5 {N/} (11. Bg5 {Huzman} Nbd7 (11... Be6 12. Bxf6
Bxf6 13. Nd5 Bxd5 14. Qxd5 Nd7 $14) 12. Nd2 $14) 11... Nbd7 (11... Bb7 12. Qc4
(12. Nh4 {Huzman} Rd8 (12... g6 13. Bh6 Rd8 14. Nf5 Bf8 (14... d5 15. Nxe7+
Qxe7 16. exd5 Nxd5 17. Nxd5 Bxd5 18. Qe3 $16) 15. Bg5 Nbd7 16. Ne3 $14) 13. Nf5
Bf8 14. Bg5 Nbd7 15. Ne3 $14) 12... Qxc4 13. Bxc4 Nxe4 14. Nd5 $14 (14. Nd5 Bd8
$5 (14... Nc6 15. Nxb6 $14) 15. Bxb6 (15. Nxb6 Bxb6 16. Bxb6 Nd7 $10) 15... Nd7
(15... Nc6 16. a5 $14) 16. Bxd8 Rfxd8 17. a5 (17. Rfd1 Kf8 $10) 17... Nef6 $10)
) 12. Qc4 Qxc4 $2 (12... Qb8 $142 13. Rfd1 $14 (13. Qb3 {Huzman} Bb7 14. Nd2
Qc7 $10)) (12... Qd8 $5 {Huzman}) 13. Bxc4 Bb7 14. Nd2 Rac8 15. Rfd1 (15. f3 d5
$1 16. Nxd5 (16. exd5 Bb4) 16... Nxd5 17. exd5 Nf6 18. Bxb6 (18. b3 b5) 18...
Nxd5 19. Bxd5 Bxd5 $44) 15... Rc7 (15... Ng4 $5 16. Bd5 Nxe3 17. fxe3 $14) 16.
f3 Rfc8 17. b3 $16 h5 18. Bf2 Kf8 19. Nf1 g6 (19... Rxc4 20. bxc4 Rxc4 21. Rd3
$16) 20. Ne3 Ke8 21. Kf1 Bf8 22. Rd2 (22. h3 $142 Be7 23. g4) 22... Be7 23.
Rad1 $6 (23. h3 $142 $1) 23... Ra8 24. Ncd5 (24. h3 $1 $16 {Huzman with idea g4
}) 24... Nxd5 25. Bxd5 b5 (25... Bxd5 26. Rxd5 (26. Nxd5 {Huzman} Rc6 $16)
26... Nf6 27. R5d2 b5 28. Ra1 $16) 26. Ra1 Rac8 27. axb5 axb5 28. Bxb7 Rxb7 29.
Nd5 Bf8 (29... Bg5 30. Be3 Bxe3 31. Nxe3 $16 {/\} Ke7 (31... Rb6 32. Nd5 Rbc6
33. Nb4 Rb6 34. Rad1) (31... Rc6 $142 32. Ra8+ Rb8 33. Ra7) 32. Ra6) 30. c3 f5
31. Rda2 Kf7 (31... fxe4 32. fxe4 Nc5 33. Bxc5 dxc5 34. Ra6 $16) 32. Ra7 Rcb8
$8 33. Rxb7 (33. Ke2 Nf6 $1 $14 34. Nb4 Ke6 35. Kd3) 33... Rxb7 34. Ra8 Be7 $1
35. Ke2 Nf6 36. Nxf6 Kxf6 37. Kd3 Ke6 38. Rg8 Kf7 39. Rc8 Ke6 40. Be3 Rd7 $2
$138 (40... d5 $2 41. Rc6+ Bd6 42. exf5+ gxf5 43. Bc5 Rd7 44. f4 $1 $18) (40...
Bf6 $14 41. c4 {Huzman} bxc4+ 42. Kxc4 $16) 41. Rg8 (41. Rb8 $16) 41... Bf6 (
41... Kf7 {Huzman} 42. Rb8 d5 43. exf5 gxf5 44. Rxb5 f4 45. Bf2 Ke6 46. b4 $16)
(41... f4 {Huzman} 42. Bf2 g5 43. Rb8 d5 44. Rb6+ Kf7 45. exd5 (45. Rxb5 dxe4+
46. Kxe4 Rd2 $132) 45... Rxd5+ 46. Ke2 $16) 42. Rxg6 f4 43. Bf2 Kf7 44. Rh6 Kg7
(44... d5 {Huzman} 45. Rh7+ Bg7 46. Rxh5 $18) 45. Rxh5 Kg6 (45... d5 {Huzman}
46. g4 $18) 46. Rf5 (46. Rh3 {Huzman} d5 47. exd5 Rxd5+ 48. Ke2 Rd6 49. g4 Ra6
$16) 46... Rh7 (46... d5 {Huzman} 47. h4 dxe4+ 48. Kxe4 Rd2 49. h5+ Kg7 50. Bc5
Kf7 (50... Rxg2 51. Bd6 $18) 51. h6 Kg6 (51... Rxg2 52. Rh5 $18 (52. h7 Rh2 53.
Bd6 $18)) 52. h7 $18) 47. h4 Kf7 (47... Bxh4 {Huzman} 48. Bxh4 Rxh4 49. Rf8 Rh2
50. Rd8 Kf7 51. Rxd6 $18) 48. g4 fxg3 49. Bxg3 Ke6 50. h5 d5 51. Be1 Rd7 52. h6
dxe4+ 53. Kxe4 b4 54. Bg3 Bh8 55. Rf8 Bf6 56. Bxe5 Bxe5 57. Re8+ Re7 58. Rxe7+
Kxe7 59. cxb4 (59. Kxe5 {Huzman} bxc3 60. h7 c2 61. h8=Q c1=Q $18) 59... Bc3
60. b5 Kd6 61. f4 1-0

[Event "RUS-chT 10th final A"]
[Site "Togliatti"]
[Date "2003.05.24"]
[Round "2"]
[White "Jakovenko, Dmitrij"]
[Black "Rublevsky, Sergei"]
[Result "0-1"]
[WhiteElo "2562"]
[BlackElo "2670"]
[Annotator "Stohl,I"]
[PlyCount "92"]
[EventDate "2003.05.23"]
[EventType "team-tourn"]
[EventRounds "3"]
[EventCountry "RUS"]
[SourceTitle "CBM 094 Extra"]
[Source "ChessBase"]
[SourceDate "2003.07.09"]
[SourceVersion "2"]
[SourceVersionDate "2003.07.09"]
[SourceQuality "1"]
[WhiteTeam "Nizhny Tagil Politekhnik"]
[BlackTeam "Kazan Ladya"]
[WhiteTeamCountry "RUS"]
[BlackTeamCountry "RUS"]

1. e4 c5 2. Nf3 e6 3. d4 cxd4 4. Nxd4 Nc6 ({Rublevsky used to play} 4... a6 5.
Bd3 Nf6 {but after having problems with this line in 2001 he returned to an
old favourite of his.} 6. O-O d6 7. c4 Bd7 8. Nc3 Nc6 9. Nxc6 Bxc6 10. b4 b6
11. Bb2 Be7 12. Qe2 O-O 13. Rad1 Nd7 (13... Qc7 14. f4 Rac8 15. Rf3 Rfd8 16.
Rh3 h6 17. Rg3 Bb7 18. a3 a5 19. e5 dxe5 20. fxe5 Ne8 21. Nb5 Qb8 {Luther,
T-Rublevsky,S/WChT Yerevan/2001/} 22. Bc1 $1 axb4 23. axb4 $16) 14. f4 Bb7 15.
Rf3 g6 16. Rh3 Bf6 $6 (16... Rc8 $142) 17. e5 $1 dxe5 18. Be4 Qc7 19. Bxb7 Qxb7
20. Ne4 Bg7 21. fxe5 Qc7 22. Nf6+ Bxf6 23. exf6 e5 24. Rf3 $16 {Khalifman,
A-Rublevsky,S/Kazan/2001/}) 5. Nc3 (5. Nb5 d6 6. c4 Nf6 7. N1c3 a6 8. Na3 {
leads to a typical hedgehog structure and used to be popular in the eighties.
Nowadays White prefers a more aggressive approach.}) 5... a6 (5... Qc7 6. Be3 {
is currently a very popular line, Rublevsky's move order aims to discourage
White from playing the Be3 set-up.}) 6. Be2 (6. Nxc6 bxc6 7. Bd3 (7. e5 Qc7 8.
f4 f5 $5 {[%cal Yd7d6] /\d6~~}) 7... d5 8. O-O Nf6 9. Re1 Bb7 10. Bf4 Be7 11.
e5 Nd7 12. Na4 c5 13. c4 d4 14. b3 Bg5 15. Bg3 Bh4 16. Qg4 Bxg3 17. Qxg3 g6 18.
Be4 Rb8 19. Bxb7 Rxb7 20. Re4 Kf8 21. h4 Rg8 22. Rae1 h5 23. Rf4 Qe7 24. Nb2
Kg7 $11 {<=>, Short,N-Rublevsky,S/RUS-ROW Moscow/2002/}) ({Here the typical
English Attack moves} 6. Be3 Nf6 7. Qd2 Bb4 8. f3 d5 9. a3 Qa5 $5 10. Nxc6 bxc6
11. Bd4 Bc5 $13 {lead to double-edged position.}) 6... d6 7. Be3 {An ambitious
move, White decides to postpone castling and starts toying with a possible
0-0-0. Both opponents had already met this year, the first time Jakovenko
preferred a transposition into the Classical Scheveningen with} (7. O-O Nf6 8.
f4 Bd7 $5 ({The more usual alternatives are} 8... Be7 {and}) (8... Qc7) 9. a4 (
{If White wants to fight for an advantage, he needs this move either now, or
after} 9. Be3 Be7) 9... Be7 10. Be3 (10. Nb3 $5 $14 {/\} Na5 11. e5 $36) 10...
Nxd4 11. Qxd4 (11. Bxd4 Bc6 12. Qd3 O-O 13. Qg3 g6 14. Bf3 b5 15. axb5 axb5 16.
Rad1 b4 17. e5 Bxf3 18. Qxf3 bxc3 19. exf6 Bxf6 20. Qxc3 Bxd4+ $11 {1/2,Kobese,
W-Rublevsky,S/Hyderabad/2002/}) 11... Bc6 12. b4 O-O 13. b5 Be8 14. e5 Qc7 15.
b6 Qc6 16. exd6 Qxd6 17. Bf3 Qxd4 18. Bxd4 Rd8 19. Rfd1 (19. Ne2 Nd5 20. c3 Bc6
21. g3 Rd7 22. Nc1 Rc8 23. Ne2 a5 24. Kf2 Rdd8 25. Rfd1 g6 26. h3 Be8 27. Be4
h5 28. g4 hxg4 29. hxg4 Bc6 $11 {Palac,M-Borgo,G/Saint Vincent/2001/}) 19...
Rxd4 20. Rxd4 Bc5 21. Ne2 Bxb6 22. Bxb7 a5 23. Kf1 Bxd4 24. Nxd4 Bd7 25. Nb3
Nd5 26. Bxd5 exd5 27. Nxa5 Ra8 $11 {Jakovenko,D-Rublevsky,S/Aeroflot op/2003/})
7... Nf6 8. f4 Bd7 {Rublevsky aims for the positions from the above note. He
also delays castling, the main reason being denying White's kingside attack a
target. In the game we will see the g4-advance against the Ke8 will not
achieve anything tangible.} (8... Be7 9. g4 (9. O-O O-O {-B85}) (9. Qd2 O-O 10.
O-O-O Nd7 $5 11. g4 Nxd4 12. Qxd4 b5 13. Kb1 Rb8 14. Bf3 b4 15. Ne2 e5 16. Qd2
exf4 17. Nxf4 Ne5 18. Qe2 Bg5 19. h4 Bxf4 20. Bxf4 Qf6 21. Bxe5 dxe5 22. g5 Qe7
23. Bg4 Bxg4 $11 {1/2,Svidler,P-Gavrikov,V/Tallinn act/2001/}) 9... d5 10. e5
Nd7 11. g5 Nxd4 12. Qxd4 b5 $1 $132 {leads to an acceptable French-type
position for Black.} (12... h6 $6 13. g6 Bh4+ 14. Kd2 fxg6 15. Rhg1 Nf8 16. Bd3
g5 17. Raf1 Bd7 18. Kc1 Qe7 19. f5 Bc6 20. f6 gxf6 21. Rxf6 O-O-O 22. Rgf1 Be8
23. Qa7 g4 24. Bxa6 {1-0,Ponomariov,R-Zvjaginsev,V/RUS-ROW Moscow/2002/})) 9.
Bf3 $5 (9. a4 Nxd4 {-7.0-0}) (9. O-O Be7 {-7.0-0} (9... b5 $5 $13)) (9. Qd2 b5
{[%cal Rb5b4] /\b4 also more or less forces White's B to f3, then White's Q on
d2 will become vulnerable to a possible Na5-c4.}) 9... Rc8 10. Nb3 $146 {
[%mdl 8] Such a voluntary retreat is usually more effective in combination
with a4, when White creates the positional threat a5. Now Black gets good <=>.}
(10. O-O {is not the most principled and consistent continuation, Black has a
choice between} Qc7 $13 ({and} 10... b5 $5 $132 {as the direct} 11. e5 dxe5 12.
Nxc6 Bxc6 13. Qxd8+ Kxd8 14. fxe5 Bxf3 15. Rxf3 Ng4 $15 {leads nowhere.}) 11.
Qe2 b5) ({The really interesting thing would be to know how Rublevsky intended
to improve on} 10. Qe2 $5 b5 11. a3 Qc7 (11... e5 12. Nxc6 Bxc6 13. O-O-O $32 {
|^}) 12. g4 Nxd4 13. Bxd4 Qc4 14. Qxc4 Rxc4 15. O-O-O h6 $6 (15... e5 $142 $5
16. fxe5 dxe5 17. Bxe5 Nxg4 18. Bd4 $14 {but even this still requires careful
defence.}) 16. Rhe1 Be7 17. e5 dxe5 18. Bxe5 Bc8 19. Be2 Rc6 20. h4 O-O 21. g5
Nd7 22. Bd4 hxg5 23. hxg5 Bd6 24. Be3 $36 {[%csl Ra6,Rb5][%cal Gd1d7,Ge1e7] ׫,
|^[+]} Bxa3 $6 25. Nxb5 Bxb2+ 26. Kxb2 axb5 27. Bxb5 Rc7 28. c4 Nc5 29. f5 $1
$16 {Svidler,P-Rublevsky,S/Poikovsky/2003/}) 10... b5 11. g4 h6 $5 {An
inconspicuous, but nevertheless quite committal move-by thus weakening his >>
Black will usually be forced to keep his K in the [+] for a long time (if not
for ever).} 12. Qe2 $6 {Here Svidler's idea is already not ideal, as it
doesn't create any threats and moreover Black's Bd7 will soon come to b5.} (12.
h4 {[%cal Rg4g5] /\g5} h5 $5 (12... b4 13. Na4 $36 {[%cal Ra4b6] /\Nb6}) 13.
gxh5 (13. g5 Ng4 14. Bxg4 hxg4 15. Qxg4 b4 $44) 13... b4 14. Na4 Rb8 $13) 12...
Na5 $1 {[%cal Rc8c1][%mdl 2048] Play on the c-file is one of Black's main
trumps in the Open Sicilian, the text is very direct and consistent.
Rublevsky's piece play will soon be quite overwhelming...} ({Also interesting
was} 12... b4 $5 13. Na4 (13. Nd1 a5 $15 {is too passive.}) 13... Rb8 14. Qf2 (
14. O-O-O Na5 15. e5 Bb5 $1 $15 {[%csl Ra4][%cal Rf6d7] /\Nd7,פa4}) 14... Ne7
(14... e5 15. g5 $132) 15. Nb6 Bc6 16. Nd2 h5 $1 $132 {/=/+}) 13. Rd1 $2 {
Although White's prvious play was not quite ideal, only this move is really
serious mistake and gets him into trouble.} (13. O-O-O $142 {In the game it
will take another 25 (!) moves to get the K away from e1.} b4 (13... Rxc3 14.
bxc3 Nc4 15. h4 $32 {+/=}) (13... Nxb3+ 14. axb3 Qa5 15. Kb1 $5 b4 16. Na4 $32
{/+/= In both cases Black's play starts losing it's impetus, as the kingside
is not mobilized yet.}) (13... Nc4 $5) 14. Nb1 Bb5 15. Qf2 Nxb3+ 16. axb3 Qc7
$15 {[%cal Gc8c1] |^<->c,/~~ The resulting position is pleasant for Black, but
can't be compared with the raging attack he quickly gets in the game.}) (13. e5
b4 14. exf6 bxc3 $36) (13. g5 hxg5 14. fxg5 b4 $1 $15) (13. h4 b4 $15) 13...
Nc4 14. Bc1 b4 15. Nb1 Bb5 16. Qf2 {[%cal Yb3d4,Ye4e5] /\Nd4,e5} (16. Qg2 e5 {
[%cal Yd8b6] /\Qb6|^}) 16... e5 $1 {[%mdl 32] A strong positional move, which
prevents the aforementioned counterplay.} 17. f5 ({After} 17. g5 Nd7 $17 {
the >> P-chain falls apart.}) 17... a5 18. h4 (18. O-O a4 19. Na1 d5 $17 {
[%cal Rf8c5] /-+,/\Bc5}) 18... a4 19. Na1 {Although the Na1 is pathetic, this
is practically the only move.} (19. N3d2 Nxb2 $1 20. Bxb2 Rxc2 {[%csl Rb2]} 21.
Bc1 (21. Ba3 d5 $1 $19) 21... Qc7 22. g5 Nd7 23. Be2 Bxe2 24. Kxe2 Rxa2 $17 {
[%csl Ga4,Gb4,Re2] עe2,o^a,b}) (19. g5 $2 hxg5 20. hxg5 Ng4 $1 21. Qg3 Rxh1+
22. Bxh1 axb3 23. cxb3 Nxb2 24. Bxb2 Qxg5 $19) 19... Qa5 (19... d5 20. g5 {and}
) (19... a3 20. bxa3 {are not too convincing.}) 20. b3 $2 {White is
inconsistent, hesitation in a sharp Sicilian is usually no good. Only the
ruthless} (20. g5 Nd7 $17 {could have still made a fight of it despite Black's
advantage.} ({Premature is} 20... b3+ $6 21. Bd2 Nxd2 22. Qxd2 Qxd2+ 23. Kxd2
$11 {/~~})) 20... axb3 21. cxb3 Na3 22. Nd2 (22. Nxa3 bxa3+ 23. Bd2 Qa8 {
[%csl Re4] ><e4} 24. Qe3 d5 $1 25. exd5 Bc5 $1 $40 {/-+ opens the [+] for
Black with tremendous effect.}) 22... Rc3 {Black holds the initiative and
rightly chooses to avoid exchanges for the time being.} (22... d5 23. g5 $142
$5 (23. exd5 $6 Bc5 (23... Rc3 $143 24. Ne4 $15) 24. Qg3 Bd4 $40 {/\} 25. g5 $6
{viazne na fails to} hxg5 26. hxg5 Rxh1+ 27. Bxh1 Rc3 $19) 23... Nxe4 24. Nxe4
dxe4 25. Bxe4 $132 {[%csl Re8] עe8 and Black's K also starts feeling the
draught, e.g.,} Bc5 26. Qg3) (22... Nc2+ 23. Nxc2 Rxc2 24. g5 Qc7 $36 {was
also promising.}) (22... Rc2 $5 23. Bxa3 (23. g5 Rxa2 {-23.Ba3}) 23... Rxa2 24.
g5 hxg5 (24... Rxa3 $143 25. Nc2 $15) 25. hxg5 Rxh1+ 26. Bxh1 Nd7 $1 $17) 23.
Nf1 (23. g5 $2 hxg5 24. hxg5 Rxh1+ 25. Bxh1 Ng4 $19) (23. Bb2 Nc2+ $17 (23...
d5 $1 $40)) 23... d5 $1 {[%cal Rf8c5,Rd5e4] /\de4,Bc5 Black has achieved a
Sicilian dream, now White's position collapses (note his most actively placed
piece is the poor Bf3!).} 24. exd5 $8 Bc5 25. Be3 (25. Qg3 O-O $19 {[%cal
Re5e4,Rf6e4] /\e4,Ne4} (25... Bd4 $5)) (25. Qg2 $142 $5 e4 26. Be2 (26. Bxe4 $2
O-O $19) 26... Bd3 $1 27. Bb2 Rc2 28. Rd2 Rxb2 29. Rxb2 Bd4 30. Bxd3 exd3 $17 {
->}) 25... Rxe3+ $6 {Simpler and probably more effective was} (25... Bxe3 26.
Nxe3 e4 27. Be2 Bxe2 28. Qxe2 Qc5 $19 {[%csl Re1] ->,עe1}) 26. Nxe3 Qa7 27.
Nac2 $1 {[]} (27. Kd2 e4 $19 {[%cal Re4f3,Rf6d5] /\ef3,Nd5}) 27... O-O ({
The point of White's previous move was} 27... Nxc2+ 28. Qxc2 Bxe3 $2 29. Qc8+
Ke7 30. d6#) 28. g5 $6 {This loses by force.} ({More resilient was} 28. Qd2
$142 $5 e4 29. Be2 Nxc2+ 30. Nxc2 e3 31. Qc1 Bxe2 32. Kxe2 Nxg4 $40 {[%csl Re2]
עe2 although even here White shouldn't survive with his permanently exposed K.
}) 28... Nxc2+ 29. Qxc2 Bxe3 30. gxf6 Bf4 $1 31. Rd2 (31. Qf2 $2 Bg3 32. Qxg3
Qe3+ $19) (31. Rd3 Bg3+ $1 32. Kd1 Bxd3 33. Qxd3 Rc8 $1 {[%cal Ra7a2,Rg3f4] /
\Bf4,Qa2} 34. d6 Bf4 35. Bc6 Rxc6 $1 36. d7 Qf2 37. d8=Q+ Kh7 $19) 31... Qe3+
32. Be2 Rd8 $6 $138 (32... Ra8 $142 $1 {[%cal Re3d2] /\Qd2-+} 33. Rd3 {All
other moves lead to a quick mate:} (33. Kd1 Rxa2 $1 34. Qxa2 Bxe2+ 35. Kc1 Qc3+
$19) (33. Rd1 $2 Bg3+ 34. Kf1 Qf2#) (33. a4 bxa3 34. Qa2 Rc8 $19) 33... Bxd3
34. Qxd3 Qc1+ 35. Bd1 (35. Qd1 Bg3+ 36. Kf1 Qe3 37. Kg2 Rxa2 $19) 35... Rxa2 {
/\e4-+ and White's K can't escape from the crossfire:} 36. O-O Qc5+ 37. Kh1
Rh2#) 33. Rf1 (33. Kd1 $2 Rxd5 $1 34. Rxd5 Bxe2+ 35. Qxe2 Qc1#) 33... Bxe2 34.
Rxe2 Qg3+ 35. Rff2 (35. Ref2 $143 $2 Rxd5 {/\Qe3-+} 36. Rh1 Rd2 $19) 35... Qg1+
36. Rf1 Qg3+ {Black wants to gain time.} (36... Bg3+ 37. Ref2 Qg2 $5 38. fxg7
Qxd5 $19 {/\} 39. f6 $2 Qf3 $19 {[%cal Rf3e3] /\Qe3}) 37. Rff2 Rxd5 38. Kf1
Qxh4 39. Rxf4 ({Somewhat better, but also insufficient was} 39. Rg2 Qxf6 {
[%csl Rf1][%cal Rh6h3] ע,/\h5-h4-h3-+} (39... Qh3 $5 40. Kf2 Bg5 $40 {/\Rd3-+}
)) (39. Kg1 Be3 $1 40. Rxe3 Qg5+ 41. Kh2 Qxe3 42. fxg7 Rc5 $19) 39... Qxf4+ 40.
Rf2 Qd4 $6 {A typical safe 40-th move.} (40... Qg4 $142 41. Re2 e4 $1 $19) 41.
fxg7 (41. Rg2 e4 $1 42. Rxg7+ Kh8 $19 {and to save his K White will lose both
f-pawns.}) 41... Kxg7 42. Qc6 {Loses by force, but the position was beyond
saving anyway.} (42. f6+ Kh8 43. Qf5 e4 $19) 42... Qd1+ 43. Kg2 Qg4+ 44. Kh2
Qh5+ (44... Qh4+ $142 $1 45. Kg2 Rd3 46. Kf1 e4 $19 {->}) 45. Kg2 (45. Kg1 Rd1+
46. Rf1 Qg5+ $19) 45... Rd3 46. f6+ Kh7 (46... Kh7 47. Qe4+ $8 Qg6+ 48. Qxg6+
Kxg6 $19 {[%csl Ra2,Rf6] ><a2,f6 The R_|_ with an extra P and further
weaknesses on a2 and f6 is easily won for Black.}) 0-1